<?xml version="1.0" encoding="UTF-8"?>
<collection xmlns="http://www.loc.gov/MARC21/slim">
 <record>
  <leader>02601cam a2200481   4500</leader>
  <controlfield tag="001">1049110250</controlfield>
  <controlfield tag="003">DE-627</controlfield>
  <controlfield tag="005">20220422130246.0</controlfield>
  <controlfield tag="007">tu</controlfield>
  <controlfield tag="008">190214s2019    xx |||||      00| ||eng c</controlfield>
  <datafield tag="020" ind1=" " ind2=" ">
   <subfield code="a">9782355180880</subfield>
   <subfield code="9">978-2-35518-088-0</subfield>
  </datafield>
  <datafield tag="035" ind1=" " ind2=" ">
   <subfield code="a">(DE-627)1049110250</subfield>
  </datafield>
  <datafield tag="035" ind1=" " ind2=" ">
   <subfield code="a">(DE-599)GBV1049110250</subfield>
  </datafield>
  <datafield tag="035" ind1=" " ind2=" ">
   <subfield code="a">(OCoLC)1157345595</subfield>
  </datafield>
  <datafield tag="035" ind1=" " ind2=" ">
   <subfield code="a">(ZDB-21-EIL)4447562</subfield>
  </datafield>
  <datafield tag="040" ind1=" " ind2=" ">
   <subfield code="a">DE-627</subfield>
   <subfield code="b">ger</subfield>
   <subfield code="c">DE-627</subfield>
   <subfield code="e">rda</subfield>
  </datafield>
  <datafield tag="041" ind1=" " ind2=" ">
   <subfield code="a">eng</subfield>
   <subfield code="a">slv</subfield>
   <subfield code="a">fre</subfield>
  </datafield>
  <datafield tag="050" ind1=" " ind2="0">
   <subfield code="a">NK</subfield>
  </datafield>
  <datafield tag="082" ind1="0" ind2=" ">
   <subfield code="a">738</subfield>
  </datafield>
  <datafield tag="084" ind1=" " ind2=" ">
   <subfield code="a">LG 4450</subfield>
   <subfield code="2">rvk</subfield>
   <subfield code="0">(DE-625)rvk/92141:</subfield>
  </datafield>
  <datafield tag="111" ind1="2" ind2=" ">
   <subfield code="a">Ex Oriente Lux</subfield>
   <subfield code="g">Veranstaltung</subfield>
   <subfield code="d">2012</subfield>
   <subfield code="c">Ptuj</subfield>
   <subfield code="j">VerfasserIn</subfield>
   <subfield code="0">(DE-588)1181120853</subfield>
   <subfield code="0">(DE-627)1662641095</subfield>
   <subfield code="4">aut</subfield>
  </datafield>
  <datafield tag="245" ind1="1" ind2="0">
   <subfield code="a">Ancient lamps from Balkans and beyond</subfield>
   <subfield code="b">acts of the 4th International Lychnological Congress (&quot;Ex Oriente Lux&quot;, Ptuj, 15th - 19th of May, 2012) ; in memory of Jean Bussière</subfield>
   <subfield code="c">Laurent Chrzanovski, Aleksandra Nestorović, Verena Vidrih Perko</subfield>
  </datafield>
  <datafield tag="246" ind1="1" ind2=" ">
   <subfield code="i">Parallelt.</subfield>
   <subfield code="a">Luč z vzhoda</subfield>
  </datafield>
  <datafield tag="264" ind1=" " ind2="1">
   <subfield code="a">Drémil Lafage</subfield>
   <subfield code="b">Editions Mergoil</subfield>
   <subfield code="c">2019</subfield>
  </datafield>
  <datafield tag="300" ind1=" " ind2=" ">
   <subfield code="a">538 Seiten</subfield>
   <subfield code="b">Illustrationen, Karten, Diagramme</subfield>
   <subfield code="c">30 cm</subfield>
  </datafield>
  <datafield tag="336" ind1=" " ind2=" ">
   <subfield code="a">Text</subfield>
   <subfield code="b">txt</subfield>
   <subfield code="2">rdacontent</subfield>
  </datafield>
  <datafield tag="337" ind1=" " ind2=" ">
   <subfield code="a">ohne Hilfsmittel zu benutzen</subfield>
   <subfield code="b">n</subfield>
   <subfield code="2">rdamedia</subfield>
  </datafield>
  <datafield tag="338" ind1=" " ind2=" ">
   <subfield code="a">Band</subfield>
   <subfield code="b">nc</subfield>
   <subfield code="2">rdacarrier</subfield>
  </datafield>
  <datafield tag="490" ind1="1" ind2=" ">
   <subfield code="a">Monographies Instrumentum</subfield>
   <subfield code="v">59</subfield>
  </datafield>
  <datafield tag="500" ind1=" " ind2=" ">
   <subfield code="a">Proceedings of a meeting</subfield>
  </datafield>
  <datafield tag="500" ind1=" " ind2=" ">
   <subfield code="a">Includes bibliographical references</subfield>
  </datafield>
  <datafield tag="546" ind1=" " ind2=" ">
   <subfield code="a">Beiträge teilweise englisch, teilweise italienisch, teilweise deutsch. - Zusammenfassung englisch und französisch</subfield>
  </datafield>
  <datafield tag="655" ind1=" " ind2="7">
   <subfield code="a">Konferenzschrift</subfield>
   <subfield code="0">(DE-588)1071861417</subfield>
   <subfield code="0">(DE-627)826484824</subfield>
   <subfield code="0">(DE-576)433375485</subfield>
   <subfield code="2">gnd-content</subfield>
  </datafield>
  <datafield tag="700" ind1="1" ind2=" ">
   <subfield code="a">Chrzanovski, Laurent</subfield>
   <subfield code="d">1973-</subfield>
   <subfield code="e">HerausgeberIn</subfield>
   <subfield code="0">(DE-588)1157424406</subfield>
   <subfield code="0">(DE-627)1021254053</subfield>
   <subfield code="0">(DE-576)502930144</subfield>
   <subfield code="4">edt</subfield>
  </datafield>
  <datafield tag="700" ind1="1" ind2=" ">
   <subfield code="a">Nestorović, Aleksandra</subfield>
   <subfield code="d">1971-</subfield>
   <subfield code="e">HerausgeberIn</subfield>
   <subfield code="0">(DE-588)1192336968</subfield>
   <subfield code="0">(DE-627)1670670481</subfield>
   <subfield code="4">edt</subfield>
  </datafield>
  <datafield tag="700" ind1="1" ind2=" ">
   <subfield code="a">Vidrih Perko, Verena</subfield>
   <subfield code="e">HerausgeberIn</subfield>
   <subfield code="0">(DE-588)1192338154</subfield>
   <subfield code="0">(DE-627)1670672077</subfield>
   <subfield code="4">edt</subfield>
  </datafield>
  <datafield tag="700" ind1="1" ind2=" ">
   <subfield code="a">Bussière, Jean</subfield>
   <subfield code="d">1935-2016</subfield>
   <subfield code="e">GefeierteR</subfield>
   <subfield code="0">(DE-588)1028080638</subfield>
   <subfield code="0">(DE-627)730317463</subfield>
   <subfield code="0">(DE-576)375602003</subfield>
   <subfield code="4">hnr</subfield>
  </datafield>
  <datafield tag="787" ind1="0" ind2="8">
   <subfield code="i">Rezensiert in</subfield>
   <subfield code="a">Motta, Lucie</subfield>
   <subfield code="t">[Rezension von: L. Chrzanovski (Hrsg.), Ancient lamps from Balkans and beyond]</subfield>
   <subfield code="d">2020</subfield>
   <subfield code="w">(DE-627)1800051433</subfield>
  </datafield>
  <datafield tag="810" ind1="2" ind2=" ">
   <subfield code="a">Instrumentum</subfield>
   <subfield code="t">Instrumentum / Monographies</subfield>
   <subfield code="v">59</subfield>
   <subfield code="9">59</subfield>
   <subfield code="w">(DE-627)341353329</subfield>
   <subfield code="w">(DE-576)059854588</subfield>
   <subfield code="w">(DE-600)2068059-4</subfield>
   <subfield code="x">1278-3846</subfield>
  </datafield>
  <datafield tag="936" ind1="r" ind2="v">
   <subfield code="a">LG 4450</subfield>
   <subfield code="b">Griechische und römische Lampen</subfield>
   <subfield code="k">Antike Kunst und Kultur</subfield>
   <subfield code="k">Vasenmalerei und Keramik</subfield>
   <subfield code="k">Griechische und römische Lampen</subfield>
   <subfield code="0">(DE-627)127160292X</subfield>
   <subfield code="0">(DE-625)rvk/92141:</subfield>
   <subfield code="0">(DE-576)20160292X</subfield>
  </datafield>
  <datafield tag="951" ind1=" " ind2=" ">
   <subfield code="a">BO</subfield>
  </datafield>
  <datafield tag="991" ind1=" " ind2=" ">
   <subfield code="a">Rezensiertes Werk</subfield>
  </datafield>
  <datafield tag="999" ind1=" " ind2=" ">
   <subfield code="a">KXP-PPN1049110250</subfield>
   <subfield code="e">4156218635</subfield>
  </datafield>
 </record>
</collection>
